000 00574nam a2200217Ia 4500
003 OSt
005 20230525144942.0
008 210210b1966 xxu||||| |||| 00| 0 eng d
040 _cAL
041 _aEnglish
082 _a822.33S-V BRAS
100 _aBRADLEY (A C).
_9113929
245 _aShakespearean tragedy: lectures on Hamlet, Othello, King Lear, Macbeth
250 _a2
260 _aLondon.
_bMacmillan & Co. Ltd.
_c1966
300 _axv,432
650 _aShakespear, Tragedy
_9113930
690 _aEnglish Drama
_9113931
906 _a026785
942 _2ddc
_cBK
999 _c78091
_d78091